[Event "Titled Tuesday intern op 04th Feb Early"]
[Site "Chess.com INT"]
[Date "2025.02.04"]
[Round "2"]
[White "Heimann, Alexander C"]
[Black "Bardyk, Artem"]
[Result "1-0"]
[WhiteElo "2238"]
[BlackElo "2201"]
[PlyCount "117"]
[EventDate "2025.02.04"]
[EventType "swiss (blitz)"]
[EventRounds "11"]
[EventCountry "USA"]
[SourceTitle "CB07_2025"]
[SourceDate "2025.02.12"]
[SourceVersion "1"]
[SourceVersionDate "2025.02.12"]
[SourceQuality "1"]

1. e4 c6 2. Nf3 d5 3. Nc3 dxe4 4. Nxe4 Nf6 5. Ng3 h5 6. Bc4 h4 7. Ne2 h3 8. g3 Bf5 9. Ne5 e6 10. d4 Nbd7 11. Bf4 Nxe5 12. Bxe5 Bd6 13. Bxd6 Qxd6 14. c3 0-0-0 15. Qa4 Kb8 16. f3 e5 17. 0-0-0 e4 18. fxe4 Nxe4 19. Rhf1 Qh6+ 20. Rf4 Nd6 21. Bd3 Bxd3 22. Rxd3 Rhe8 23. Qc2 Qe6 24. Kd1 Nc4 25. Rff3 Qe4 26. b3 Na3 27. Qd2 Nb5 28. Qf4+ Qxf4 29. Rxf4 Re7 30. a4 Rde8 31. Rf2 Nd6 32. Nf4 Ne4 33. Rf1 Ng5 34. Rd2 g6 35. Re2 Ne4 36. Kc2 Ng5 37. Rxe7 Rxe7 38. Kd2 Kc7 39. Re1 Nf3+ 40. Kd3 Nxe1+ 41. Kc4 Nf3 42. d5 cxd5+ 43. Nxd5+ Kd6 44. Nf4 Re4+ 45. Kd3 Rxf4 46. gxf4 Nxh2 47. Ke3 Ng4+ 48. Kf3 h2 49. Kg2 Ke6 50. c4 Kf5 51. b4 Kxf4 52. b5 Ke5 53. c5 Kd5 54. b6 Kc6 55. bxa7 Kxc5 56. a8Q Ne3+ 57. Kxh2 b6 58. Qb7 Nd5 59. Qxf7 1-0

[Event "San Jose 1000 GM April Gp2"]
[Site "San Jose"]
[Date "2024.04.21"]
[Round "4.2"]
[White "Heimann, Alexander C"]
[Black "Guo, Ethan"]
[Result "1-0"]
[WhiteElo "2251"]
[BlackElo "2211"]
[PlyCount "63"]
[EventDate "2024.04.20"]
[EventType "schev"]
[EventRounds "5"]
[EventCountry "USA"]
[SourceTitle "EXT 2025"]
[Source "ChessBase"]
[SourceDate "2024.10.14"]
[SourceVersion "1"]
[SourceVersionDate "2024.10.14"]
[SourceQuality "1"]

1. Nf3 d5 2. c4 d4 3. e3 Nc6 4. exd4 Nxd4 5. Nxd4 Qxd4 6. Nc3 c6 7. d3 Nh6 8. Be3 Qd6 9. Ne4 Qe5 10. Qd2 Nf5 11. Bf4 Qe6 12. 0-0-0 g6 13. Re1 Bg7 14. g4 Nd4 15. Nd6+ exd6 16. Bxd6 Qxe1+ 17. Qxe1+ Be6 18. Qa5 b6 19. Qg5 f6 20. Qe3 c5 21. b4 Kf7 22. bxc5 bxc5 23. Bxc5 Nc6 24. Bg2 Rac8 25. Bf1 Ra8 26. Bg2 Rac8 27. Re1 Rhe8 28. Qf4 Na5 29. d4 Bxc4 30. Rxe8 Kxe8 31. Qd6 Bf8 32. Qxf8+ 1-0

[Event "Sunnyvale 1000 Schev 2 11"]
[Site "Sunnyvale"]
[Date "2023.11.12"]
[Round "4.2"]
[White "Heimann, Alexander C"]
[Black "Tang, Benjamin"]
[Result "1/2-1/2"]
[WhiteElo "2267"]
[BlackElo "2107"]
[PlyCount "60"]
[EventDate "2023.11.10"]
[EventType "schev"]
[EventRounds "6"]
[EventCountry "USA"]
[SourceTitle "CBM 217 Extra"]
[Source "ChessBase"]
[SourceDate "2024.01.31"]
[SourceVersion "1"]
[SourceVersionDate "2024.01.31"]
[SourceQuality "1"]

1. e4 e6 2. d4 d5 3. Bd3 dxe4 4. Bxe4 Nf6 5. Bf3 Be7 6. Ne2 c5 7. 0-0 0-0 8. Nbc3 Nc6 9. Be3 Qa5 10. Ne4 Rd8 11. c3 cxd4 12. Nxd4 Nxd4 13. cxd4 Nd5 14. Qb3 Bd7 15. Nc5 Bc6 16. Rac1 Qb6 17. Qc2 Nb4 18. Qb3 Bxf3 19. gxf3 Rab8 20. Qa4 Rbc8 21. Rc3 Na6 22. Nxa6 bxa6 23. Rfc1 Rxc3 24. bxc3 Qb5 25. Qb3 Qh5 26. Qb7 Bd6 27. f4 Qf5 28. Qxa6 Bxf4 29. Qe2 Qg6+ 30. Kf1 Qe4 1/2-1/2

[Event "Sunnyvale Independence Day op"]
[Site "Sunnyvale"]
[Date "2023.07.04"]
[Round "9"]
[White "Heimann, Alexander C"]
[Black "Chiang, Jacob"]
[Result "1-0"]
[WhiteElo "2265"]
[BlackElo "2136"]
[PlyCount "49"]
[EventDate "2023.06.30"]
[EventType "swiss"]
[EventRounds "9"]
[EventCountry "USA"]
[SourceTitle "EXT 2024"]
[Source "ChessBase"]
[SourceDate "2023.10.10"]
[SourceVersion "1"]
[SourceVersionDate "2023.10.10"]
[SourceQuality "1"]

1. e4 c5 2. Nc3 Nc6 3. Bb5 Nd4 4. Bc4 e6 5. Nf3 Ne7 6. 0-0 a6 7. Nxd4 cxd4 8. Ne2 b5 9. Bd3 Nc6 10. c3 Bc5 11. b4 Bb6 12. a4 bxa4 13. Rxa4 dxc3 14. dxc3 Bb7 15. Bf4 d5 16. exd5 Qxd5 17. c4 Qd7 18. Be4 Nd4 19. Bxb7 Nxe2+ 20. Qxe2 Qxb7 21. c5 Bd8 22. b5 0-0 23. Rxa6 Rxa6 24. bxa6 Qc6 25. Bd6 1-0

[Event "Sunnyvale Independence Day op"]
[Site "Sunnyvale"]
[Date "2023.07.01"]
[Round "2"]
[White "Penagalapati, Abhinav"]
[Black "Heimann, Alexander C"]
[Result "1/2-1/2"]
[WhiteElo "2264"]
[BlackElo "2265"]
[PlyCount "59"]
[EventDate "2023.06.30"]
[EventType "swiss"]
[EventRounds "9"]
[EventCountry "USA"]
[SourceTitle "EXT 2024"]
[Source "ChessBase"]
[SourceDate "2023.10.10"]
[SourceVersion "1"]
[SourceVersionDate "2023.10.10"]
[SourceQuality "1"]

1. d4 Nf6 2. Bf4 e6 3. e3 b6 4. Nf3 Bb7 5. h3 Be7 6. Bd3 c5 7. c3 Nc6 8. Nbd2 cxd4 9. exd4 0-0 10. 0-0 d6 11. Re1 Re8 12. Qe2 Qc7 13. Bh2 Bf8 14. Ne4 Qd8 15. Rad1 Na5 16. Nfg5 Nxe4 17. Nxe4 Bxe4 18. Qxe4 g6 19. d5 f5 20. Qa4 e5 21. Ba6 Re7 22. b4 Nb7 23. Qb3 Kh8 24. c4 Bg7 25. Bg3 Rc7 26. f3 Qf6 27. Bf2 Nd8 28. Qa4 Nf7 29. Bb5 Rd8 30. Bc6 1/2-1/2

[Event "Bay Area IM"]
[Site "San Jose"]
[Date "2022.12.11"]
[Round "8"]
[White "Heimann, Alexander C"]
[Black "Griffith, Kyron"]
[Result "1/2-1/2"]
[WhiteElo "2243"]
[BlackElo "2350"]
[PlyCount "262"]
[EventDate "2022.12.07"]
[EventType "tourn"]
[EventRounds "9"]
[EventCountry "USA"]
[EventCategory "1"]
[SourceTitle "CBM 211 Extra"]
[Source "ChessBase"]
[SourceDate "2023.01.31"]
[SourceVersion "1"]
[SourceVersionDate "2023.01.31"]
[SourceQuality "1"]

1. e4 c5 2. Nf3 d6 3. d4 cxd4 4. Nxd4 Nf6 5. Nc3 a6 6. Bg5 e6 7. f4 Be7 8. Qf3 Qc7 9. 0-0-0 Nbd7 10. g4 h6 11. Bxf6 Bxf6 12. h4 Nb6 13. g5 Bxd4 14. Rxd4 Qc5 15. Rd2 Bd7 16. Be2 0-0-0 17. Rhd1 Bc6 18. Qg3 hxg5 19. fxg5 Kc7 20. h5 Rd7 21. a3 Qe5 22. Qxe5 dxe5 23. Rf1 Rxd2 24. Kxd2 Be8 25. Nd1 Kd6 26. Ne3 Ke7 27. c4 Bc6 28. Ng4 Nd7 29. Nf2 f6 30. b4 b6 31. Rg1 f5 32. Ke3 a5 33. Bf3 axb4 34. axb4 Ra8 35. h6 gxh6 36. gxh6 Nf6 37. h7 f4+ 38. Ke2 Rh8 39. Rg7+ Kd6 40. Rf7 Nxh7 41. Nd3 Be8 42. Rb7 Ng5 43. c5+ bxc5 44. bxc5+ Kc6 45. Rb6+ Kc7 46. Nxe5 Rh2+ 47. Ke1 Rc2 48. Rb3 Rxc5 49. Nd3 Ba4 50. Ra3 Nxf3+ 51. Kf2 Ra5 52. Rc3+ Kd6 53. Kxf3 e5 54. Nxf4 exf4 55. Kxf4 Bd7 56. Rd3+ Ke6 57. Rd5 Ra1 58. Rh5 Rf1+ 59. Ke3 Be8 60. Rg5 Bc6 61. Rg6+ Kd7 62. e5 Bh1 63. Rh6 Ke7 64. Kd4 Rd1+ 65. Ke3 Ra1 66. Kf4 Ra4+ 67. Kf5 Be4+ 68. Kg5 Rc4 69. Rf6 Bc2 70. Rd6 Re4 71. Kf5 Re1+ 72. Kf4 Rf1+ 73. Ke3 Rf5 74. Rd5 Rh5 75. Rb5 Rh4 76. Rc5 Bb3 77. Rb5 Ke6 78. Kf3 Bd5+ 79. Kg3 Rh8 80. Kf4 Rf8+ 81. Ke3 Kxe5 82. Rb4 Rf3+ 83. Ke2 Ra3 84. Kd2 Be4 85. Rb8 Rd3+ 86. Ke2 Rh3 87. Kd2 Bd5 88. Rb4 Bb3 89. Ke2 Kd5 90. Kf2 Bc4 91. Rb8 Kd4 92. Re8 Bd5 93. Re7 Rh2+ 94. Kg3 Rg2+ 95. Kf4 Rf2+ 96. Kg3 Rf3+ 97. Kg4 Rf8 98. Rd7 Ke5 99. Re7+ Kd6 100. Re1 Rf3 101. Re8 Rf1 102. Kg3 Bc6 103. Re3 Kd5 104. Rf3 Re1 105. Rf6 Re8 106. Kf4 Ba4 107. Kf3 Bb3 108. Rf4 Bd1+ 109. Kf2 Re2+ 110. Kg3 Ke5 111. Rf8 Ba4 112. Ra8 Bc6 113. Rc8 Rg2+ 114. Kh3 Rg6 115. Rf8 Be4 116. Rf2 Rg8 117. Kh4 Bf5 118. Re2+ Kf6 119. Rf2 Rg7 120. Rf3 Rg2 121. Rf4 Ke5 122. Rf3 Ke4 123. Rf1 Rg4+ 124. Kh5 Ke5 125. Ra1 Rg8 126. Kh4 Be4 127. Rf1 Rg7 128. Rf2 Bf5 129. Re2+ Kf6 130. Rf2 Rg1 131. Rb2 Rg4+ 1/2-1/2

[Event "Bay Area IM"]
[Site "San Jose"]
[Date "2022.12.10"]
[Round "6"]
[White "Heimann, Alexander C"]
[Black "Zaloznyy, Mike"]
[Result "1-0"]
[WhiteElo "2243"]
[BlackElo "2219"]
[PlyCount "63"]
[EventDate "2022.12.07"]
[EventType "tourn"]
[EventRounds "9"]
[EventCountry "USA"]
[EventCategory "1"]
[SourceTitle "CBM 211 Extra"]
[Source "ChessBase"]
[SourceDate "2023.01.31"]
[SourceVersion "1"]
[SourceVersionDate "2023.01.31"]
[SourceQuality "1"]

1. e4 e5 2. Nf3 Nc6 3. Bb5 a6 4. Ba4 Nf6 5. 0-0 Nxe4 6. d4 exd4 7. Re1 d5 8. Nxd4 Bd6 9. Nxc6 Bxh2+ 10. Kf1 Qh4 11. Be3 0-0 12. Qxd5 Be6 13. Ne7+ Kh8 14. Nf5 Qg4 15. f3 Bxd5 16. fxg4 Bc4+ 17. Re2 g6 18. Nd4 c5 19. Bb3 Ng3+ 20. Kf2 Bxe2 21. Nxe2 Nxe2 22. Kxe2 Rae8 23. Kf3 f5 24. g5 Bd6 25. Nc3 b5 26. Rd1 f4 27. Bf2 Be7 28. Bd5 b4 29. Ne4 Rd8 30. Nxc5 h5 31. Ne6 Bxg5 32. Nxg5 1-0

[Event "Bay Area IM"]
[Site "San Jose"]
[Date "2022.12.09"]
[Round "5"]
[White "Baasansuren, Erdene"]
[Black "Heimann, Alexander C"]
[Result "0-1"]
[WhiteElo "2217"]
[BlackElo "2243"]
[PlyCount "70"]
[EventDate "2022.12.07"]
[EventType "tourn"]
[EventRounds "9"]
[EventCountry "USA"]
[EventCategory "1"]
[SourceTitle "CBM 211 Extra"]
[Source "ChessBase"]
[SourceDate "2023.01.31"]
[SourceVersion "1"]
[SourceVersionDate "2023.01.31"]
[SourceQuality "1"]

1. d4 Nf6 2. c4 e6 3. g3 c5 4. Nf3 cxd4 5. Nxd4 Bb4+ 6. Bd2 Bc5 7. Nb3 Be7 8. Bg2 Nc6 9. Nc3 b6 10. e4 Ba6 11. Nb5 Ne5 12. Qe2 Rc8 13. a4 Nxc4 14. Bc3 d5 15. exd5 Nxd5 16. Bxg7 Rg8 17. Bh6 Rg6 18. Bc1 Bb4+ 19. Kf1 Kf8 20. h4 Qf6 21. h5 Rxg3 22. Bxd5 exd5 23. Bh6+ Qxh6 24. fxg3 Ne3+ 25. Kg1 Rc2 26. Qf3 Rg2+ 27. Qxg2 Nxg2 28. Kxg2 d4 29. Rh4 Bb7+ 30. Kh2 Qe3 31. N5xd4 Qf2+ 32. Kh3 Qg2+ 33. Kg4 Bc8+ 34. Kf4 Qf2+ 35. Ke4 Bb7+ 0-1

[Event "Titled Tuesday intern op 13th July"]
[Site "Chess.com INT"]
[Date "2021.07.13"]
[Round "1"]
[White "Tong, Hai Anh"]
[Black "Heimann, Alexander C"]
[Result "1-0"]
[WhiteElo "1486"]
[BlackElo "2243"]
[PlyCount "73"]
[EventDate "2021.07.13"]
[EventType "swiss (blitz)"]
[EventRounds "11"]
[EventCountry "USA"]
[SourceTitle "CBM 203 Extra"]
[Source "ChessBase"]
[SourceDate "2021.09.30"]
[SourceVersion "1"]
[SourceVersionDate "2021.09.30"]
[SourceQuality "1"]

1. Nf3 Nf6 2. g3 d5 3. Bg2 c6 4. 0-0 Bf5 5. d3 Nbd7 6. c4 e6 7. Nc3 Bc5 8. cxd5 cxd5 9. e4 dxe4 10. dxe4 Nxe4 11. Nxe4 Bxe4 12. Re1 Bc6 13. Qc2 Qb6 14. Bf4 Rc8 15. Rac1 h6 16. Ne5 Nxe5 17. Bxe5 Bxg2 18. Kxg2 0-0 19. Red1 Rc6 20. Qe4 Rfc8 21. Rd7 Bf8 22. Rxc6 Qxc6 23. Qxc6 Rxc6 24. Rxb7 a6 25. Bc3 Bd6 26. f4 f6 27. Kf3 Bc7 28. a3 Kf8 29. Ke4 Ke8 30. f5 exf5+ 31. Kxf5 Kd7 32. Kg6 h5 33. Ba5 f5+ 34. Kxh5 f4 35. Rxc7+ Rxc7 36. Bxc7 f3 37. Bb6 1-0

[Event "Titled Tuesday intern op 19th Jan"]
[Site "Chess.com INT"]
[Date "2021.01.19"]
[Round "1"]
[White "Heimann, Alexander C"]
[Black "Tarini, Goyal"]
[Result "1-0"]
[WhiteElo "2243"]
[BlackElo "2164"]
[PlyCount "89"]
[EventDate "2021.01.19"]
[EventType "swiss (blitz)"]
[EventRounds "11"]
[EventCountry "USA"]
[SourceTitle "CBM 200 Extra"]
[Source "ChessBase"]
[SourceDate "2021.03.31"]
[SourceVersion "1"]
[SourceVersionDate "2021.03.31"]
[SourceQuality "1"]

1. e4 c5 2. Nf3 Nc6 3. Bb5 e6 4. Bxc6 bxc6 5. 0-0 d5 6. d3 Nf6 7. Qe2 Be7 8. c4 0-0 9. Nc3 Ba6 10. b3 Nd7 11. Bb2 d4 12. Nb1 e5 13. Nbd2 Bc8 14. g3 Bd6 15. Nh4 g6 16. Ndf3 Nf6 17. Bc1 Bh3 18. Re1 Bg4 19. Bg5 Be7 20. Qd2 Qc7 21. Kg2 Nh5 22. h3 Bxf3+ 23. Nxf3 f6 24. Bh6 Ng7 25. Bxg7 Kxg7 26. Re2 a5 27. a4 Rab8 28. Rb1 Rb4 29. Qc2 Rfb8 30. Nd2 Qd7 31. Rf1 Bd6 32. f4 exf4 33. gxf4 Re8 34. Rf3 Qc7 35. Ref2 Qb8 36. Qd1 Re7 37. Kh1 Qc8 38. e5 fxe5 39. f5 Rf7 40. fxg6 Rxf3 41. Qxf3 hxg6 42. Qf6+ Kh7 43. Qxd6 Qxh3+ 44. Rh2 Qxh2+ 45. Kxh2 1-0

[Event "Titled Tuesday intern op 9th June"]
[Site "Chess.com INT"]
[Date "2020.06.09"]
[Round "8"]
[White "Heimann, Alexander C"]
[Black "Puranik, Abhimanyu Sameer"]
[Result "0-1"]
[WhiteElo "2243"]
[BlackElo "2584"]
[PlyCount "94"]
[EventDate "2020.06.09"]
[EventType "swiss (blitz)"]
[EventRounds "10"]
[EventCountry "USA"]
[SourceTitle "CBM 196 Extra"]
[Source "ChessBase"]
[SourceDate "2020.07.31"]
[SourceVersion "1"]
[SourceVersionDate "2020.07.31"]
[SourceQuality "1"]

1. e4 e6 2. d4 d5 3. Bd3 dxe4 4. Bxe4 Nf6 5. Bf3 c5 6. Ne2 Nc6 7. Bxc6+ bxc6 8. 0-0 cxd4 9. Qxd4 Qxd4 10. Nxd4 c5 11. Nb5 Nd5 12. N1c3 Nxc3 13. Nxc3 Bd7 14. Be3 Be7 15. Ne4 c4 16. Rfd1 e5 17. Rd5 Bc6 18. Rxe5 f6 19. Nd6+ Kd7 20. Rxe7+ Kxe7 21. Nxc4 Bd5 22. Nd2 Rhc8 23. c3 Rab8 24. b3 Rxc3 25. Bxa7 Ra8 26. Bd4 Rd3 27. Bc5+ Kf7 28. Nf1 Bxb3 29. a3 Be6 30. h3 Rb3 31. Re1 Rc3 32. Bb4 Rc6 33. Ne3 g5 34. Rd1 Rac8 35. Kh2 f5 36. g3 f4 37. gxf4 gxf4 38. Ng2 Rc4 39. Rd3 Rg8 40. Bd6 Rc2 41. Rf3 Bd5 42. Rxf4+ Ke6 43. Ne3 Kxd6 44. Rf6+ Ke5 45. Rf5+ Ke6 46. Rxd5 Rxf2+ 47. Kh1 Rf3 0-1

[Event "PRO League Pacific"]
[Site "Chess.com INT"]
[Date "2017.01.18"]
[Round "2"]
[White "Flores Rios, Mauricio"]
[Black "Heimann, Alexander C"]
[Result "1-0"]
[WhiteElo "2529"]
[BlackElo "2271"]
[PlyCount "51"]
[EventDate "2017.01.11"]
[EventType "team-swiss (rapid)"]
[EventRounds "7"]
[EventCountry "USA"]
[SourceTitle "CBM 176 Extra"]
[Source "ChessBase"]
[SourceDate "2017.03.02"]
[SourceVersion "1"]
[SourceVersionDate "2017.03.02"]
[SourceQuality "1"]
[WhiteTeam "Minnesota Blizzard"]
[BlackTeam "Pittsburgh Pawngrabbers"]
[WhiteTeamCountry "UAE"]
[BlackTeamCountry "USA"]

1. d4 e6 2. c4 f5 3. Nf3 Nf6 4. g3 c6 5. Bg2 d5 6. 0-0 Bd6 7. b3 Qe7 8. Bb2 0-0 9. Qc1 b6 10. Ba3 Ba6 11. Bxd6 Qxd6 12. Qa3 Qxa3 13. Nxa3 Nbd7 14. Rac1 Rac8 15. Rfd1 Ne4 16. e3 Kf7 17. Bf1 Ke7 18. cxd5 Bxf1 19. d6+ Nxd6 20. Kxf1 c5 21. Ke2 cxd4 22. Nxd4 Nc5 23. b4 Nce4 24. Nc6+ Kd7 25. Nc4 Kc7 26. Nxa7 1-0

[Event "PRO League Pacific"]
[Site "Chess.com INT"]
[Date "2017.01.11"]
[Round "1"]
[White "Heimann, Alexander C"]
[Black "Wheeler, Cameron"]
[Result "1-0"]
[WhiteElo "2271"]
[BlackElo "2398"]
[PlyCount "131"]
[EventDate "2017.01.11"]
[EventType "team-swiss (rapid)"]
[EventRounds "7"]
[EventCountry "USA"]
[SourceTitle "CBM 176 Extra"]
[Source "ChessBase"]
[SourceDate "2017.03.02"]
[SourceVersion "1"]
[SourceVersionDate "2017.03.02"]
[SourceQuality "1"]
[WhiteTeam "Pittsburgh Pawngrabbers"]
[BlackTeam "San Francisco Mechanics"]
[WhiteTeamCountry "USA"]
[BlackTeamCountry "USA"]

1. Nf3 d5 2. c4 c6 3. g3 Nf6 4. Bg2 g6 5. b3 Bg7 6. Bb2 0-0 7. 0-0 a5 8. cxd5 cxd5 9. Nc3 d4 10. Nb5 d3 11. e3 Nc6 12. Nfd4 Bg4 13. Qc1 Nxd4 14. Bxd4 Rc8 15. Qa3 Rc2 16. Bc3 Nd5 17. Bxg7 Kxg7 18. Rfc1 Nb4 19. Rxc2 dxc2 20. Qb2+ Kg8 21. d4 Bd1 22. Bf1 Qd7 23. Nc3 Rc8 24. a3 Qc7 25. Nxd1 c1Q 26. Rxc1 Qxc1 27. Qxc1 Rxc1 28. axb4 Rxd1 29. bxa5 Rb1 30. Kg2 Rxb3 31. a6 bxa6 32. Bxa6 Rc3 33. Bb7 Kg7 34. Bf3 Kf6 35. h4 Ra3 36. Kg1 h6 37. Kg2 Ke6 38. Bb7 Kd6 39. Be4 Kc7 40. Bd5 f6 41. Bf7 g5 42. hxg5 hxg5 43. Be6 Kb6 44. Kf3 Kb5 45. Ke4 Kb4 46. g4 Kc3 47. Kf5 Kd3 48. d5 Ke2 49. f4 Rxe3 50. fxg5 Rf3+ 51. Kg6 fxg5 52. Kxg5 Ke3 53. Kg6 Rf6+ 54. Kg7 Kf4 55. Kh7 Kg5 56. Kg7 Kh4 57. Kh7 Kg5 58. Kg7 Rf4 59. Kh7 Kf6 60. Kh6 Ke5 61. g5 Rh4+ 62. Kg6 Rh1 63. Kf7 Rg1 64. g6 Kd6 65. g7 Rf1+ 66. Ke8 1-0

[Event "Philadelphia National op 39th"]
[Site "Philadelphia"]
[Date "2008.11.28"]
[Round "2"]
[White "Heimann, Alexander C"]
[Black "Sarkar, Justin"]
[Result "1-0"]
[WhiteElo "2248"]
[BlackElo "2451"]
[PlyCount "101"]
[EventDate "2008.11.28"]
[EventType "swiss"]
[EventRounds "6"]
[EventCountry "USA"]
[SourceTitle "CBM 127 Extra"]
[Source "ChessBase"]
[SourceDate "2009.01.08"]
[SourceVersion "2"]
[SourceVersionDate "2009.01.28"]
[SourceQuality "1"]

1. Nf3 c5 2. c4 Nf6 3. g3 d5 4. cxd5 Nxd5 5. Bg2 Nc6 6. Nc3 Nc7 7. a3 g6 8. d3 Bg7 9. h4 h6 10. Be3 b6 11. Nd2 Bb7 12. Qa4 Qd7 13. Rc1 Na5 14. Bxb7 Nxb7 15. 0-0 Qxa4 16. Nxa4 Nd5 17. Nc3 Nxe3 18. fxe3 Nd6 19. b4 cxb4 20. axb4 Kd7 21. Nde4 Nxe4 22. Nxe4 f5 23. Nc3 Rhc8 24. Nd5 e6 25. Nf4 g5 26. hxg5 hxg5 27. Nh5 Bc3 28. Rb1 a5 29. bxa5 bxa5 30. Rb7+ Kd6 31. g4 Rcb8 32. Rf7 a4 33. gxf5 exf5 34. Ng3 Ke6 35. R7xf5 a3 36. Ne4 Bb2 37. d4 a2 38. Re5+ Kd7 39. Rf7+ Kc6 40. Rc5+ Kb6 41. Rf6+ Ka7 42. Ra5+ Kb7 43. Nc5+ Kc7 44. Na6+ Rxa6 45. Rfxa6 a1R+ 46. Rxa1 Bxa1 47. Rxa1 Kd6 48. Ra5 Re8 49. Rxg5 Rxe3 50. Kf2 Rh3 51. e3 1-0